[Event "Challenge"]
[Site "http://www.queenalice.com/game.php?id=683275"]
[Date "2009.11.14"]
[Round "-"]
[White "tiro"]
[Black "alfil187"]
[Result "1-0"]
[WhiteElo "1031"]
[BlackElo "1153"]

1. e4 a5 2. c3 b5 3. Qb3 d5 4. Bxb5+ Bd7 5. Bxd7+ Qxd7 6. Qb7 Qd8 7. Qxa8 g6 8.
Nf3 Nh6 9. O-O dxe4 10. Nd4 Bg7 11. d3 Ng4 12. h3 Nh6 13. f3 Qd7 14. Qxb8+ Qd8
15. Qb5+ c6 16. Qxc6+ Kf8 17. Qb7 Bxd4+ 18. Rf2 Bxf2+ 19. Kxf2 exd3 20. Bd2 Nf5
21. Bh6+ Ng7 22. Bxg7+ Kxg7 23. Nd2 e6 24. f4 h6 25. Re1 Re8 26. Qe4 f5 27. Qe5+
Kf7 28. Nc4 a4 29. h4 g5 30. hxg5 d2 31. Rd1 Re7 32. Qf6+ Ke8 33. Rxd2 Rf7 34.
Qh8+ Rf8 35. Qxh6 Qc7 36. Qxe6+ Qe7 37. Qc8+ Qd8 38. Rxd8+ Kf7 39. Ne5+ Kg8 40.
g6 Kg7 41. Rxf8 Kh6 42. Rh8+ Kg7 43. Qf8# 1-0

[Event "Challenge"]
[Site "http://www.queenalice.com/game.php?id=699556"]
[Date "2009.12.17"]
[Round "-"]
[White "tiro"]
[Black "palergiuseppe"]
[Result "0-1"]
[WhiteElo "999"]
[BlackElo "1235"]

1. c4 e5 2. d3 Bb4+ 3. Nc3 d6 4. a3 Bc5 5. g3 Nf6 6. Na4 Bd4 7. e3 Nc6 8. Nf3
Ng4 9. Bh3 Nxf2 10. Kxf2 Bxh3 11. Qb3 O-O 12. Nxd4 exd4 13. Qxb7 Ne5 14. exd4
Qf6+ 15. Ke3 Ng4+ 16. Kd2 Qxd4 17. Re1 Qf2+ 18. Re2 Qf6 19. Qxc7 Bf1 20. Nc3
Bxe2 21. Kxe2 Qf2+ 22. Kd1 Rfe8 23. Qxd6 Re1# 0-1

[Event "Challenge"]
[Site "http://www.queenalice.com/game.php?id=699888"]
[Date "2009.12.18"]
[Round "-"]
[White "Tersio"]
[Black "tiro"]
[Result "1-0"]
[WhiteElo "1346"]
[BlackElo "1001"]

1. d4 e6 2. c4 d5 3. Nf3 dxc4 4. Nc3 c6 5. e4 g6 6. Bxc4 b5 7. Bb3 Nh6 8. O-O b4
9. Na4 Qc7 10. Nc5 Bxc5 11. dxc5 O-O 12. Bxh6 Re8 13. Qd4 Rd8 14. Qg7# 1-0

[Event "Challenge"]
[Site "http://www.queenalice.com/game.php?id=702740"]
[Date "2009.12.24"]
[Round "-"]
[White "tiro"]
[Black "fgoliveira"]
[Result "1-0"]
[WhiteElo "957"]
[BlackElo "1214"]

1. d4 d5 2. e3 Nf6 3. b3 Qd6 4. Ba3 Qb6 5. Bc5 Qc6 6. Nf3 Bg4 7. h3 Bxf3 8. Qxf3
Na6 9. Qf5 Nxc5 10. dxc5 Qxc5 11. a4 Qc3+ 12. Nxc3 e6 13. Qe5 Bd6 14. Qd4 g5 15.
Qxf6 Rg8 16. Be2 Rg6 17. Qh8+ Bf8 18. Qxh7 Rd8 19. Nb5 Bb4+ 20. Kf1 Ke7 21. h4
g4 22. Nxc7 d4 23. Bc4 g3 24. h5 Rg5 25. Bxe6 dxe3 26. fxe3 Rd2 27. Qxf7+ Kd6
28. Qd7+ Ke5 29. Qb5+ Kf6 30. Qxb4 Rf2+ 31. Kg1 b6 32. Qf8+ Ke5 33. Qe7 Ke4 34.
Qxg5 a5 35. Qxg3 Rxc2 36. Bd5+ Kd3 37. Rd1+ Kc3 38. Qe5+ Kb4 39. Qd4+ Ka3 40.
Ra1+ Ra2 41. b4 axb4 42. Bxa2 b3 43. Bb1# 1-0

[Event "Challenge"]
[Site "http://www.queenalice.com/game.php?id=719172"]
[Date "2010.1.23"]
[Round "-"]
[White "Petrucio"]
[Black "tiro"]
[Result "1-0"]
[WhiteElo "1433"]
[BlackElo "982"]

1. h4 g5 2. hxg5 e6 3. e4 d6 4. b4 Qxg5 5. d4 Qg6 6. Nc3 Na6 7. g3 Nf6 8. Rh6
Bxh6 9. Bxh6 Qxh6 10. e5 dxe5 11. dxe5 Ng4 12. Qxg4 Bd7 13. Qf3 1-0

[Event "Challenge"]
[Site "http://www.queenalice.com/game.php?id=729078"]
[Date "2010.2.9"]
[Round "-"]
[White "pedroingles"]
[Black "tiro"]
[Result "1-0"]
[WhiteElo "1735"]
[BlackElo "980"]

1. d4 d5 2. c4 dxc4 3. e4 c3 4. Nxc3 e6 5. Nf3 h5 6. Bc4 h4 7. Bg5 f6 8. Bxh4 g5
9. Bg3 Nh6 10. O-O g4 11. Nh4 a5 12. Ng6 Nf7 13. Nxh8 Nxh8 14. d5 e5 15. Be2 Qd6
16. Bxg4 Nd7 17. Bf5 Qb4 18. Rb1 c6 19. Qh5+ Ke7 20. Qxh8 b6 21. Bxd7 Bxd7 22.
Bh4 Qxe4 23. Nxe4 cxd5 24. Qxf6+ Ke8 25. Qxe5+ Be7 26. Qxe7# 1-0

[Event "Challenge"]
[Site "http://www.queenalice.com/game.php?id=729079"]
[Date "2010.2.9"]
[Round "-"]
[White "tiro"]
[Black "pedroingles"]
[Result "0-1"]
[WhiteElo "978"]
[BlackElo "1750"]

1. e4 c5 2. c4 Nc6 3. b3 g6 4. a4 Bg7 5. Ra2 e6 6. g4 Nge7 7. Nc3 O-O 8. h4 Nb4
9. Ra3 Nec6 10. h5 Ne5 11. hxg6 hxg6 12. Nh3 Ned3+ 13. Ke2 b6 14. Bg2 Rb8 15.
Nb5 a5 16. Ng5 Qxg5 17. Rh2 Qxg4+ 18. f3 Qg3 19. Qg1 Nxc1+ 20. Qxc1 Qxh2 21. Qf1
Qe5 22. f4 Qb2 23. e5 Nc2 24. Ra1 Nxa1 25. Nd6 Bxe5 26. fxe5 Qxe5+ 27. Be4 Nxb3
28. Qd1 Nd4+ 29. Kf1 Qxd6 30. Qg4 f5 31. Qxg6+ Kh8 0-1

[Event "Challenge"]
[Site "http://www.queenalice.com/game.php?id=734004"]
[Date "2010.2.18"]
[Round "-"]
[White "el_martinez"]
[Black "tiro"]
[Result "0-1"]
[WhiteElo "1226"]
[BlackElo "1006"]

1. e4 d5 2. d3 d4 3. Bg5 h6 4. Bf4 g5 5. Bd2 b6 6. Nh3 Nc6 7. f4 gxf4 8. Nxf4
Nf6 9. h3 Qd6 10. Qf3 Nb4 11. Na3 e5 12. Nh5 Nxc2+ 13. Nxc2 Nxh5 14. Be2 Qc6 15.
Qf5 Qxc2 16. Rc1 Qxb2 17. O-O Ng3 18. Qf2 Qxd2 19. Rfd1 Qxa2 20. Qxg3 Bb4 21.
Qxe5+ Be6 22. Qxc7 Qxe2 23. Re1 Bxe1 24. Qb7 Bf2+ 25. Kh2 Rg8 26. Qxa8+ Ke7 27.
Qxg8 Qxd3 28. Rc6 Kd7 29. Rc8 Kd6 30. Qf8+ Ke5 31. Rd8 Qg3+ 32. Kh1 Bxh3 33.
gxh3 Qg1# 0-1

[Event "Challenge"]
[Site "http://www.queenalice.com/game.php?id=777556"]
[Date "2010.5.18"]
[Round "-"]
[White "tiro"]
[Black "vinoseco"]
[Result "1-0"]
[WhiteElo "1046"]
[BlackElo "1108"]

1. e3 e5 2. d4 e4 3. Nc3 Qe7 4. Nd5 Qb4+ 5. Nxb4 Bxb4+ 6. c3 Ba5 7. Bc4 Nh6 8.
Qh5 d5 9. Qxd5 Bb6 10. Qxe4+ Kd8 11. b3 Re8 12. Qxh7 Ba5 13. b4 Bb6 14. Qxg7 Ng4
15. Qxf7 Nc6 16. e4 Bd7 17. Bg5+ Ne7 18. f3 c5 19. dxc5 Bc7 20. O-O-O Ne3 21.
Rxd7+ Kxd7 22. Ne2 Nxc4 23. Rd1+ Nd6 24. cxd6 Bd8 25. dxe7+ Kc6 26. Qd5+ Kb6 27.
c4 Rxe7 28. Qc5+ Ka6 29. b5+ Ka5 30. a3 b6 31. Qc6 Rb8 32. h4 Re5 33. Bf4 Rc5
34. Qd6 Rxc4+ 35. Kd2 Rbc8 36. h5 Bc7 37. Qd5 Rc5 38. Qe6 Bd8 39. Ke1 Bh4+ 40.
g3 R8c6 41. Qb3 Rxb5 42. Qe6 Rxe6 43. gxh4 Rxh5 44. Rd5+ b5 45. Rxh5 Ka4 46. Bc1
Rc6 47. Be3 a5 48. Nd4 Rc3 49. Bf4 Rc4 50. Ne2 Rc2 51. Nd4 Rb2 52. e5 Kxa3 53.
e6 Ka4 54. e7 Rb4 55. Be5 Rb1+ 56. Ke2 b4 57. e8=Q+ Ka3 58. Qa8 a4 59. Nb5+ Kb3
60. Qg8+ Kc2 61. Qg6+ Kb3 62. Qxb1+ Kc4 63. Bd6 b3 64. Qd3# 1-0

[Event "Challenge"]
[Site "http://www.queenalice.com/game.php?id=777939"]
[Date "2010.5.19"]
[Round "-"]
[White "tiro"]
[Black "cruiseymorph"]
[Result "0-1"]
[WhiteElo "1048"]
[BlackElo "1607"]

1. c3 e5 2. d4 e4 3. e3 c5 4. g3 Nh6 5. b4 cxb4 6. cxb4 Bxb4+ 7. Nd2 Qf6 8. a3
Ng4 9. Qc2 Qxf2+ 10. Kd1 Bxd2 11. Bxd2 Nc6 12. Nh3 Qf3+ 13. Kc1 Qxh1 14. Qc4
Nxh2 15. Kb2 d5 16. Qb5 a6 17. Qe2 Nxf1 18. Rxf1 Qxh3 19. Qf2 O-O 20. Bb4 Nxb4
21. axb4 a5 0-1